000
00341nam a2200133Ia 4500
008
151001s9999||||xx |||||||||||||| ||und||
100
_a
वा शि आपटे
245
_a
ताजा कलम
250
_a
1
260
_b
इमानदार बंधू प्रकाशन
260
_c
1967
300
_a
74
365
_b
7
999
_c
953355
_d
953352